000
00327nam a2200133 a 4500
005
20140513081053.0
008
060814s19uu xx 00 eng d
050
_a
Kit
_b
SOU Chart
245
_a
Sounds Spelling Cards.
260
_a
Columbus, Ohio :
_b
Mc Grawhill.
440
_a
SRA
650
_a
Letter Sounds
999
_c
116410
_d
116410